000
00315nam a2200109Ia 4500
008
171211s9999 xx 000 0 und d
245
_a
Wild Religion: Tracking the Sacred in South Africa
245
_c
David Chidester
260
_c
2012
650
_x
RELIGION
856
_u
http://down.ebook777.com/063/0520273079.pdf
999
_c
350571
_d
350571